| 000 | 00450nam a2200193Ia 4500 | ||
|---|---|---|---|
| 008 | 170918s9999 xx 000 0 und d | ||
| 020 | _a9781416995593 | ||
| 050 | _bH233 2011 | ||
| 100 | _aHan, Jenny | ||
| 245 | _aWe'll always have summer / | ||
| 245 | _cby Jenny Han. | ||
| 260 | _aNew York : | ||
| 260 | _bSimon & Schuster, | ||
| 260 | _c2011 | ||
| 300 | _a291 pages : | ||
| 300 | _billustrations ; | ||
| 300 | _c21cm. | ||
| 500 | _a570 | ||
| 999 |
_c344284 _d344284 |
||